Analýza a prognózovanie obeživa v obehu

Pre operatívne riadenie a kontrolu menovej politiky NBS slúži tabuľka likvidity a tabuľka denných finančných tokov. Pre potreby tabuľky likvidity sa na analýzu a predikovanie s jednodňovou frekvenciou obeživa v obehu používa exaktný štatistický algoritmus sezónneho očisťovania a trendového prognózov...

ver descrição completa

Na minha lista:
Detalhes bibliográficos
Autor principal: Tkáč, Miloslav
Formato: Capítulo de Livro
Idioma:eslovaco
Assuntos:
Tags: Adicionar Tag
Sem tags, seja o primeiro a adicionar uma tag!

MARC

LEADER 00000naa a2200000 4500
001 r035903
005 20221129103255.8
041 0 |a slo 
044 |a SK 
245 1 0 |a Analýza a prognózovanie obeživa v obehu  |c Miloslav Tkáč 
520 |a Pre operatívne riadenie a kontrolu menovej politiky NBS slúži tabuľka likvidity a tabuľka denných finančných tokov. Pre potreby tabuľky likvidity sa na analýzu a predikovanie s jednodňovou frekvenciou obeživa v obehu používa exaktný štatistický algoritmus sezónneho očisťovania a trendového prognózovania. 
610 2 0 |a obeživo 
610 2 0 |a prognózy 
610 2 0 |a analýzy 
610 2 0 |a rady časové 
610 2 0 |a modelovanie ekonometrické 
610 2 0 |a báza dát 
610 2 0 |a politika menová 
610 2 0 |a likvidita 
610 2 0 |a NBS Bratislava 
100 1 |a Tkáč, Miloslav